Gendered landscape and entangled everydayness: Stories of women foragers in Karbi Anglong, Assam (Record no. 524435)

000 -LEADER
fixed length control field 00768nam a22001457a 4500
008 - FIXED-LENGTH DATA ELEMENTS--GENERAL INFORMATION
fixed length control field 231117b ||||| |||| 00| 0 eng d
100 ## - MAIN ENTRY--PERSONAL NAME
Personal name Shandilya, Trishita
245 ## - TITLE STATEMENT
Title Gendered landscape and entangled everydayness: Stories of women foragers in Karbi Anglong, Assam
260 ## - PUBLICATION, DISTRIBUTION, ETC. (IMPRINT)
Place of publication, distribution, etc Social Action
300 ## - PHYSICAL DESCRIPTION
Extent 73(4), Oct-Dec, 2023: p.378-393
520 ## - SUMMARY, ETC.
Summary, etc This paper aims to unpack the everyday nuances of women’s foraging practices in the villages Karbi Anglond and West Karbi Anglong districts of Assam. – foregoing has its significance due to its connection with traditional calmer practices and its crucial role as a source of livelihood for the local community. – Reproduced
773 ## - HOST ITEM ENTRY
Main entry heading Social Action
906 ## - LOCAL DATA ELEMENT F, LDF (RLIN)
Subject DIP WOMEN
942 ## - ADDED ENTRY ELEMENTS (KOHA)
Item type Articles
Holdings
Withdrawn status Lost status Source of classification or shelving scheme Damaged status Not for loan Permanent location Current location Date acquired Serial Enumeration / chronology Barcode Date last seen Koha item type
          Indian Institute of Public Administration Indian Institute of Public Administration 2023-11-17 73(4), Oct-Dec, 2023: p.378-393 AR130315 2023-11-17 Articles

Powered by Koha